Tác động của điều kiện khách quan và nhân tố chủ quan đối với quá trình xây dựng nên kinh tế thị trường định hướng xã hội chủ nghĩa ở Việt Nam

Bewaard in:
Bibliografische gegevens
Hoofdauteur: DƯƠNG THỊ LIỄU
Formaat: Boek
Taal:Undetermined
Gepubliceerd in: H. CTQG 2001
Onderwerpen:
Tags: Voeg label toe
Geen labels, Wees de eerste die dit record labelt!
Thư viện lưu trữ: Trung tâm Học liệu Trường Đại học Cần Thơ
LEADER 00687nam a2200181Ia 4500
001 CTU_49742
008 210402s9999 xx 000 0 und d
082 |a 335.423 
082 |b L309 
100 |a DƯƠNG THỊ LIỄU 
245 0 |a Tác động của điều kiện khách quan và nhân tố chủ quan đối với quá trình xây dựng nên kinh tế thị trường định hướng xã hội chủ nghĩa ở Việt Nam 
245 0 |c DƯƠNG THỊ LIỄU 
260 |a H. 
260 |b CTQG 
260 |c 2001 
650 |a economics, marxist,socialism 
904 |i Minh 
980 |a Trung tâm Học liệu Trường Đại học Cần Thơ